<?xml version="1.0" encoding="UTF-8"?><collection xmlns="info:lc/xmlns/marcxchange-v2"><record format="Unimarc" type="bibliographic"><leader>01177cam  2200301   450 </leader><controlfield tag="001">1734216</controlfield><controlfield tag="003">http://id.bnportugal.gov.pt/bib/porbase/1734216</controlfield><controlfield tag="005">20030625144400.0</controlfield><datafield ind1=" " ind2=" " tag="010"><subfield code="a">0-19-857358-8</subfield><subfield code="b">Encadernado</subfield><subfield code="d">C. 1o vol.</subfield></datafield><datafield ind1=" " ind2=" " tag="010"><subfield code="a">0-19-857505-X</subfield><subfield code="b">Encadernado</subfield><subfield code="d">Of. 2o vol.</subfield></datafield><datafield ind1=" " ind2=" " tag="010"><subfield code="a">0-19-857506-8</subfield><subfield code="b">Encadernado</subfield><subfield code="d">C. 3o vol.</subfield></datafield><datafield ind1=" " ind2=" " tag="010"><subfield code="a">0-19-857507-6</subfield><subfield code="b">Encadernado</subfield><subfield code="d">Of. 4o vol.</subfield></datafield><datafield ind1=" " ind2=" " tag="035"><subfield code="9">02929</subfield></datafield><datafield ind1=" " ind2=" " tag="095"><subfield code="a">PTBN01029491</subfield></datafield><datafield ind1=" " ind2=" " tag="100"><subfield code="a">19910304d1986    k  y0pory0103    ba</subfield></datafield><datafield ind1="0" ind2=" " tag="101"><subfield code="a">eng</subfield></datafield><datafield ind1=" " ind2=" " tag="102"><subfield code="a">GB</subfield></datafield><datafield ind1="1" ind2=" " tag="200"><subfield code="a">Handbook of the birds of Europe, the Middle East and North Africa</subfield><subfield code="e">the birds of the Western palearctic</subfield><subfield code="f">chief ed. Stanley Cramp</subfield></datafield><datafield ind1=" " ind2=" " tag="205"><subfield code="a">Reprint.</subfield></datafield><datafield ind1=" " ind2=" " tag="210"><subfield code="a">Oxford [etc.]</subfield><subfield code="c">Oxford University Press</subfield><subfield code="d">imp. 1986</subfield></datafield><datafield ind1=" " ind2=" " tag="215"><subfield code="a">-v.</subfield></datafield><datafield ind1=" " ind2=" " tag="300"><subfield code="a">Existe o 1o, 2o, 3o e 4o Vols.</subfield></datafield><datafield ind1=" " ind2=" " tag="675"><subfield code="a">598.2</subfield><subfield code="v">med</subfield><subfield code="z">por</subfield><subfield code="3">373686</subfield></datafield><datafield ind1=" " ind2="1" tag="702"><subfield code="a">Cramp</subfield><subfield code="b">Stanley</subfield><subfield code="4">340</subfield><subfield code="3">150371</subfield></datafield><datafield ind1=" " ind2="0" tag="801"><subfield code="a">PT</subfield><subfield code="b">BN</subfield><subfield code="g">RPC</subfield></datafield><datafield ind1=" " ind2=" " tag="977"><subfield code="1">598.2 HAN 1º vol.</subfield><subfield code="2">coop</subfield><subfield code="4">UASD</subfield><subfield code="6">mq3295826</subfield><subfield code="7">bc</subfield><subfield code="8">coop</subfield><subfield code="9">UASD</subfield><subfield code="k">0</subfield></datafield><datafield ind1=" " ind2=" " tag="977"><subfield code="1">598.2 HAN 2º vol.</subfield><subfield code="2">coop</subfield><subfield code="4">UASD</subfield><subfield code="6">mq3295827</subfield><subfield code="7">bc</subfield><subfield code="8">coop</subfield><subfield code="9">UASD</subfield><subfield code="k">0</subfield></datafield><datafield ind1=" " ind2=" " tag="977"><subfield code="1">598.2 HAN 3º vol.</subfield><subfield code="2">coop</subfield><subfield code="4">UASD</subfield><subfield code="6">mq3295828</subfield><subfield code="7">bc</subfield><subfield code="8">coop</subfield><subfield code="9">UASD</subfield><subfield code="k">0</subfield></datafield><datafield ind1=" " ind2=" " tag="977"><subfield code="1">598.2 HAN 4º vol.</subfield><subfield code="2">coop</subfield><subfield code="4">UASD</subfield><subfield code="6">mq3295829</subfield><subfield code="7">bc</subfield><subfield code="8">coop</subfield><subfield code="9">UASD</subfield><subfield code="k">0</subfield></datafield><datafield ind1=" " ind2=" " tag="998"><subfield code="a">ASD17-298</subfield></datafield></record></collection>